| 000 | 00682cam a2200241 4500500 | ||
|---|---|---|---|
| 005 | 20260329005147.0 | ||
| 041 | _afre | ||
| 042 | _adc | ||
| 100 | 1 | 0 |
_aDurand, Jean-Marie _eauthor |
| 245 | 0 | 0 | _aJ’y pense et puis je lis / Octobre 2022 |
| 260 | _c2022. | ||
| 500 | _a96 | ||
| 690 | _aCare | ||
| 690 | _aChoses | ||
| 690 | _aMatérialisme | ||
| 690 | _aObjets | ||
| 690 | _aParlement des choses | ||
| 690 | _aSociologie | ||
| 690 | _aSoin | ||
| 690 | _aTravail | ||
| 786 | 0 | _nPhilosophie magazine | 163 | 10 | 2022-10-01 | p. 52-52 | 1951-1787 | |
| 856 | 4 | 1 | _uhttps://shs.cairn.info/magazine-philosophie-magazine-2022-10-page-52?lang=fr&redirect-ssocas=7080 |
| 999 |
_c1840850 _d1840850 |
||